Thuật lãnh đạo nhóm : dẫn dắt nhóm đến thành công. Thuật lãnh đạo nhóm

Thuật lãnh đạo nhóm

সংরক্ষণ করুন:
গ্রন্থ-পঞ্জীর বিবরন
প্রধান লেখক: Nxb Trẻ
বিন্যাস: গ্রন্থ
ভাষা:Vietnamese
প্রকাশিত: Nxb Trẻ 2003
বিষয়গুলি:
ট্যাগগুলো: ট্যাগ যুক্ত করুন
কোনো ট্যাগ নেই, প্রথমজন হিসাবে ট্যাগ করুন!
Thư viện lưu trữ: Mạng thư viện Đại học Đà Nẵng
LEADER 01209cam a22003371a 4500
001 000035718
003 12009
005 20160319000000.0
008 160318s2003 vm 000 vie
041 |a vie 
082 |a 658.4  |b Th-L  |2 Thuật lãnh đạo nhóm 
100 |a Nxb Trẻ 
245 |a Thuật lãnh đạo nhóm : dẫn dắt nhóm đến thành công.  |c Nxb Trẻ  |n Thuật lãnh đạo nhóm 
260 |a Nxb Trẻ  |c 2003 
300 |a 99tr;mh;25cm 
520 |a Thuật lãnh đạo nhóm 
650 |a Thuật lãnh đạo nhóm : dẫn dắt nhóm đến thành công. 
852 |b Chuyên đề  |c Sách tham khảo 
OWN |a LNN 
AVA |a UDN50  |b LNN  |d 658.4 Th-L  |e available  |t Error 5001 Not defined in file expand_doc_bib_avail.  |f 1  |g 0  |h N  |i 0  |k 1 
999 |a From the UDN01 
AVA |a UDN50  |b LNN  |d 658.4 Th-L  |e available  |t Error 5001 Not defined in file expand_doc_bib_avail.  |f 1  |g 0  |h N  |i 0  |k 1 
TYP |a Monograph 
TYP |a Printed language 
980 |a Mạng thư viện Đại học Đà Nẵng